000 00671nam a22001817a 4500
008 131111b xxu||||| |||| 00| 0 ger d
020 _a3854284586
041 0 _ager
080 _a334.723
100 1 _aSeiwald, Johann
245 1 0 _aLearning in Venture Creating :
_cJohann Seiwald
260 _aWien :
_bFacultas ;
_c2003.
300 _a314 f. :
_c24 cm.
490 _a"Forschungsergebnisse der wirtschaftsuniversitat Wien "
505 _aLiteraturverzeichnis : f. [293] - 314
650 _aNdërmarrjet e biznesit
942 _2udc
_cBK
999 _c254
_d254